Stopikowska, Małgorzata. Rodzina polska na zesłaniu w ZSRR. - Warszawa. - 2000 [Rezension]

Titel: Stopikowska, Małgorzata. Rodzina polska na zesłaniu w ZSRR. - Warszawa. - 2000 [Rezension]
Verfasser:
In: Studia Pelplińskie, Band 31 (2001), Seite 251-253
alle Artikel anzeigen
Veröffentlicht: 2001
Format: Aufsatz
Sprache: Polnisch
Kein Bild verfügbar
X
alg: 39485588
001A    $01999:12-11-16 
001B    $01999:03-08-21 $t21:04:32.000 
001D    $01999:12-11-16 
001U    $0utf8 
001X    $00 
002@    $0Aox 
003@    $0394855884 
007A    $0394855884 $aHEB 
007T    $0Herd57239 
010@    $apol 
011@    $a2001 
021A    $aStopikowska, Małgorzata. Rodzina polska na zesłaniu w ZSRR. - Warszawa. -  2000 [Rezension] 
028A    $7141317043 $8Szulist, Władysław$Z1936- [Tp3] $9223413828 
031A    $d31 $h251-253 $j2001 
039B    $aIn $8--Abvc--. Studia Pelplińskie. - Pelplin : Wydawnictwo "Bernardinum", 1969-. - ISSN 0239-4456 $x200100000310000749 $9047489731 
039T    $8--Aax--Stopikowska, Małgorzata. Rodzina polska na zesłaniu w ZSRR. - Warszawa, 2000. - ss. 104. - ISBN 83-87334-05-7 $9395545234 
045F    $a900.9438 $eDDC23BSB 
045F/01 $a900 
045F/03 $g438 
045T    $aOST $qDE-12 $2FID 
045T    $a1 

lok: 39485588 78

exp: 39485588 78 1 #EPN
201B/01 $018-11-16 $t12:57:18.000 
201U/01 $0utf8 
203@/01 $0791154483 
208@/01 $a12-11-16 $be 
209A/01 $a/ $f000 $x00 
220C/01 $aTitelaufnehmer: pbb;pg 
220C/01 $aHerkunft: IH PAN/PBB Kraków 
244Z/01 $2Trx $#Poola $#Lenkija $#Polija $#Polen Land $#Poland $#Lengyelország $#Poľsko $#Polsko $8--Trx--Polska$gkraj $x01 $9391345966 
244Z/01 $2Trx $#arvustused $#recenzijos $#Reviews $#recenziók $#recenzje $#recenzie $#recenze $8--Trx--Rezensionen $x02 $9391357441 
247C/01 $82080>Marburg/Lahn, Herder-Institut, Forschungsbibliothek, Bibliographieportal $9336309341
LEADER 00000caa a22000002c 4500
001 394855884
003 DE-603
005 20210803210432.0
007 tu
008 161112s2001 xx |||| | u00||u|pol c
035 |a (DE-599)HEB394855884 
040 |a DE-603  |b ger  |c DE-603  |d DE-603 
041 |a pol 
082 0 4 |8 1\u  |a 900.9438  |q DE-101  |2 23/BSB 
084 |a OST  |q DE-12  |2 fid 
084 |a 1  |2 ssgn 
085 |8 1\u  |b 900 
085 |8 1\u  |z 2  |s 438 
100 1 |a Szulist, Władysław  |d 1936-  |0 (DE-603)223413828  |0 (DE-588)141317043  |2 gnd 
245 0 0 |a Stopikowska, Małgorzata. Rodzina polska na zesłaniu w ZSRR. - Warszawa. - 2000 [Rezension] 
264 0 |c 2001 
773 0 8 |i In  |t Studia Pelplińskie  |d Pelplin : Wydawnictwo "Bernardinum", 1969-  |x 0239-4456  |g Band 31 (2001), Seite 251-253  |w (DE-603)047489731  |w (DE-600)304909-7 
787 0 8 |i Rezension von  |a Stopikowska, Małgorzata  |t Rodzina polska na zesłaniu w ZSRR  |d Warszawa, 2000  |h ss. 104  |z 8387334057  |w (DE-603)395545234 
924 0 |9 2080  |a (DE-603)791154483  |b DE-2080  |c HES  |d d  |g /